Cadenas productivas y gestión de la estrategia: un enfoque territorial y de valor compartido /

保存先:
書誌詳細
第一著者: Flores, Edwin Ricardo
フォーマット: テキスト
タグ: タグ追加
タグなし, このレコードへの初めてのタグを付けませんか!

MARC

LEADER 00000 a a2200000 04500
001 48900
003
040
100 |a Flores, Edwin Ricardo  
245 |a Cadenas productivas y gestión de la estrategia:   |b un enfoque territorial y de valor compartido /  |c Edwin Ricardo Flores  
773 |a volumen69, número737, (2014), páginas 233-256 : tablas  
999 |c 29935  |d 29935